|
|
|
|
| LEADER |
00000cam a2200000 7i4500 |
| 001 |
0000006021 |
| 002 |
000006508 |
| 005 |
20000330.0 |
| 020 |
|
|
|a 9679784088
|
| 090 |
0 |
0 |
|a 280.09595
|b CHR
|
| 245 |
0 |
0 |
|a Christianity in Malaysia :
|b a renominational history
|c edited by Robert Hunt, Lee Kam Hing, John Rosborough
|
| 260 |
|
|
|a P.Jaya :
|b Pelanduk Publications ,
|c 1992
|
| 300 |
|
|
|a 396p. ;
|c 23cm.
|
| 650 |
0 |
0 |
|a Christianity
|z Malaysia
|
| 650 |
0 |
0 |
|a Churches
|z Malaysia
|
| 700 |
0 |
|
|a Lee Kam Hing
|
| 700 |
1 |
|
|a Hunt, Robert
|
| 999 |
|
|
|a 028098
|b BUKU
|c MALAYSIANA
|e PERPUSTAKAAN KOMUNITI PETALING JAYA
|
| 999 |
|
|
|a 037849
|b BUKU
|c MALAYSIANA
|e PERPUSTAKAAN KOMUNITI PETALING JAYA
|